000 01559nam a2200361Ia 4500
001 ebr10048783
003 CaPaEBR
006 m u
007 cr cn|||||||||
008 040408s2003 cau sb 000 0 eng d
010 _z 2004298621
020 _z1582073155
040 _aCaPaEBR
_cCaPaEBR
035 _a(OCoLC)56119810
050 1 4 _aHD2769.2.U6
_bW466 2003eb
245 0 4 _aThe WetFeet insider guide to careers in non-profits and government agencies
_h[electronic resource] /
_cWetFeet.
246 3 _aWet Feet insider guide to careers in non-profits and government agencies
246 3 0 _aInsider guide to careers in non-profits and government agencies
246 3 0 _aCareers in non-profits and government agencies
250 _a2004 ed.
260 _aSan Francisco, CA :
_bWetFeet,
_cc2003.
300 _avi, 116 p.
490 1 _aInsider guide
504 _aIncludes bibliographical references (p. 98-103).
533 _aElectronic reproduction.
_bPalo Alto, Calif. :
_cebrary,
_d2009.
_nAvailable via World Wide Web.
_nAccess may be limited to ebrary affiliated libraries.
650 0 _aNonprofit organizations
_xVocational guidance
_zUnited States.
650 0 _aAdministrative agencies
_xVocational guidance
_zUnited States.
650 0 _aCivil service positions
_zUnited States.
655 7 _aElectronic books.
_2local
710 2 _aebrary, Inc.
830 0 _aWetFeet.com insider guide.
856 4 0 _uhttp://site.ebrary.com/lib/rucke/Doc?id=10048783
_zAn electronic book accessible through the World Wide Web; click to view
999 _c180795
_d180795